Loading...
| Science - Other | 0 | 6 | 1 | 1 | 55 | 74 | 102.17 | 2 | 6 | 13.60 | 42.50 |
| Science - Physics | 0 | 4 | 1 | 0 | 35 | 63 | 88.00 | 3 | 3 | 12.69 | 32.50 |
| Fine Arts - Other | 0 | 4 | 1 | 0 | 35 | 94 | 113.00 | 3 | 4 | 7.44 | 35.00 |
| Philosophy | 0 | 4 | 2 | 1 | 30 | 89 | 116.50 | 1 | 3 | 5.59 | 20.00 |
| Mythology | 0 | 2 | 0 | 0 | 20 | 93 | 99.00 | 1 | 2 | 4.77 | 16.67 |
| Fine Arts - Auditory | 0 | 2 | 0 | 0 | 20 | 106 | 123.00 | 0 | 2 | 1.97 | 12.50 |
| Fine Arts - Visual | 0 | 2 | 0 | 0 | 20 | 126 | 126.00 | 0 | 2 | 2.06 | 10.00 |
| History - American | 0 | 3 | 2 | 0 | 20 | 78 | 86.00 | 2 | 3 | 10.18 | 25.00 |
| Literature - American | 0 | 2 | 0 | 0 | 20 | 97 | 102.50 | 1 | 2 | 5.91 | 17.50 |
| Social Science | 0 | 2 | 0 | 2 | 20 | 126 | 126.50 | 1 | 2 | 0.17 | 13.89 |
| Pop Culture | 0 | 2 | 1 | 0 | 15 | 126 | 133.50 | 0 | 2 | 3.81 | 33.33 |
| Literature - European | 0 | 1 | 0 | 0 | 10 | 136 | 136.00 | 0 | 1 | 0.99 | 7.50 |
| Mythology- Edited | 0 | 1 | 0 | 0 | 10 | 133 | 133.00 | 0 | 1 | 4.32 | 50.00 |
| Literature - British | 0 | 1 | 1 | 0 | 5 | 91 | 91.00 | 0 | 1 | 3.11 | 7.50 |
| Other Academic | 0 | 0 | 1 | 0 | -5 | 0.00 | 0 | 0 | 0.00 | 0.00 | |
| Religion | 0 | 0 | 1 | 0 | -5 | 0.00 | 0 | 0 | 0.00 | 0.00 | |
| Science - Chemistry | 0 | 0 | 1 | 0 | -5 | 0.00 | 0 | 0 | 0.00 | 0.00 | |
| Science - Biology | 0 | 0 | 2 | 0 | -10 | 0.00 | 0 | 0 | 0.00 | 0.00 |